Elements of electromagnetics / (Record no. 10807)

MARC details
000 -LEADER
fixed length control field 01305cam a22003494i 4500
001 - CONTROL NUMBER
control field 14383079
003 - CONTROL NUMBER IDENTIFIER
control field EG-ScBUE
005 - DATE AND TIME OF LATEST TRANSACTION
control field 20250701085038.0
008 - FIXED-LENGTH DATA ELEMENTS--GENERAL INFORMATION
fixed length control field 060519s2007 enka f 001 0 eng
020 ## - INTERNATIONAL STANDARD BOOK NUMBER
International Standard Book Number 0195315197
020 ## - INTERNATIONAL STANDARD BOOK NUMBER
International Standard Book Number 9780195315196
035 ## - SYSTEM CONTROL NUMBER
System control number (OCoLC)ocm69680164
035 ## - SYSTEM CONTROL NUMBER
System control number (OCoLC)69680164
040 ## - CATALOGING SOURCE
Original cataloging agency EG-ScBUE
Language of cataloging eng
Description conventions rda
Transcribing agency EG-ScBUE
Modifying agency EG-ScBUE
082 04 - DEWEY DECIMAL CLASSIFICATION NUMBER
Classification number 537
Edition number 22
Item number SAD
100 1# - MAIN ENTRY--PERSONAL NAME
Personal name Sadiku, Matthew N. O.,
Relator term author.
245 10 - TITLE STATEMENT
Title Elements of electromagnetics /
Statement of responsibility, etc Matthew N. O. Sadiku, Prairie View A&M University.
250 ## - EDITION STATEMENT
Edition statement International fourth edition.
264 #1 - PUBLICATION, DISTRIBUTION, ETC. (IMPRINT)
Place of publication, distribution, etc Oxford :
Name of publisher, distributor, etc Oxford University Press,
Date of publication, distribution, etc 2007.
300 ## - PHYSICAL DESCRIPTION
Extent xvii, 681 pages :
Other physical details illustrations ;
Dimensions 25 cm
336 ## - CONTENT TYPE
Source rdacontent
Content type term text
Content type code txt
337 ## - MEDIA TYPE
Media type term unmediated
Source rdamedia
Media type code n
338 ## - CARRIER TYPE
Carrier type term volume
Carrier type code nc
Source rdacarrier
500 ## - GENERAL NOTE
General note Includes index.
500 ## - GENERAL NOTE
General note Includes Appendices.<br/>
650 #7 - SUBJECT ADDED ENTRY--TOPICAL TERM
Topical term or geographic name as entry element Electromagnetism.
Source of heading or term BUEsh
655 ## - INDEX TERM--GENRE/FORM
Form subdivision Reading book
856 42 - ELECTRONIC LOCATION AND ACCESS
Materials specified Contributor biographical information
Uniform Resource Identifier <a href="http://www.loc.gov/catdir/enhancements/fy0725/2006046376-b.html">http://www.loc.gov/catdir/enhancements/fy0725/2006046376-b.html</a>
856 42 - ELECTRONIC LOCATION AND ACCESS
Materials specified Publisher description
Uniform Resource Identifier <a href="http://www.loc.gov/catdir/enhancements/fy0725/2006046376-d.html">http://www.loc.gov/catdir/enhancements/fy0725/2006046376-d.html</a>
856 41 - ELECTRONIC LOCATION AND ACCESS
Materials specified Table of contents only
Uniform Resource Identifier <a href="http://www.loc.gov/catdir/enhancements/fy0725/2006046376-t.html">http://www.loc.gov/catdir/enhancements/fy0725/2006046376-t.html</a>
942 ## - ADDED ENTRY ELEMENTS (KOHA)
Source of classification or shelving scheme Dewey Decimal Classification
Koha item type Book - Borrowing
Holdings
Withdrawn status Lost status Source of classification or shelving scheme Damaged status Not for loan Collection code Home library Current library Shelving location Date acquired Source of acquisition Cost, normal purchase price Serial Enumeration / chronology Total Checkouts Total Renewals Full call number Barcode Date last seen Date checked out Koha item type
    Dewey Decimal Classification     Alahram Central Library Central Library First floor 11/02/2009 Purchase 397.30 6455 3 30 537 SAD 000014791 15/07/2025 07/10/2019 Book - Borrowing